000 01013nam a2200301 i 4500
003 EG-GICUC
005 20260510161638.0
008 260510s1980 fr ||||fr|||| 00| 0 fre d
020 _a227501112
040 _aEG-GiCUC
_bfre
_cEG-GiCUC
_dEG-GiCUC
_eRda
082 0 4 _221
_a345.3231
_bPA . F
092 0 4 _221
099 _aLaw1 07 345.3231 PA . F 1980
100 1 _aPaillet,Michel
_eAuteur
245 _aLa Faute Du Service Public En Droit Administratif Français/
_cMichel Paillet.
264 1 _aParis:
_bLibrairie Générale De Droit Et De Jurisprudence,
_c1980.
300 _a434 page ;
_c 24 cm.
336 _2rda contenu
_a texte
337 _2rda medias
_aOrdinateur
338 _2 transporteur rda
_a Ressource en ligne
546 _aTexte en français
650 1 _aDroit Administratif
650 1 _aInstallation Administrative Générale
700 1 _aAuby,Jean-Marie
_ePréfacier
856 4 0 _uhttps://fll.law.cu.edu.eg/fulltext/bks/B07-05737.pdf
905 _a59
942 _2ddc
_n0
_cBK
_e21
999 _c76508
_d76508